000 00606nam a2200217Ia 4500
003 OSt
005 20220928145012.0
006 a|||||r|||| 00| 0
007 ta
008 220927b |||||||| |||| 00| 0 eng d
024 _a78194
037 _cTextual
040 _aSDCL
_cSDCL
_beng
041 _2eng
_aeng
082 _aX9B:328.2'N8, M2
100 _aDeshpande Manohar U
_9511188
245 0 _aEntrepreneurship of small scale industries
_b Concept, growth, management.
260 _c1982
942 _hX9B:328.2'N8, M2
_cTEXL
_2CC
999 _c831415
_d831415